000 00817 a2200193 4500
008 080821t xxu||||| |||| 00| 0 eng d
010 _aENG-85047
020 _a8131701174
_c475.00
035 _aEN-68580
037 _bD.B.Act / Pub
082 _a341.734
100 _aMallavarapu, Siddharth.
245 _aBanning the bomb
_bthe politics of norm creation
_cSiddharth Mallavarapu.
260 _aDelhi
_bDorling Kindersley (India), licensees of Pearson Education in South Asia,
_c2007.
300 _axv, 229 p.
_c23 cm. (Hb)
500 _aIncludes bibliographical references and index
942 _adpl
_cEN
_k341.734 / MAL
_2ddc
_h341.734
_mMAL
999 _c946
_d946